Statistics for България

Click here to take the quiz!

General Stats

  • This quiz has been taken 655 times
  • The average score is 24 of 32

Answer Stats

Driver% Correct
бял
98%
зелен
97%
червен
97%
български
95%
лев
95%
кирилица
90%
София
89%
Турция
88%
Румъния
87%
Гърция
87%
Северна Македония
87%
Република България
87%
+359
87%
Мусала
86%
Сърбия
86%
2007
85%
3 март
83%
Искър
78%
1878
72%
Съединението прави силата
67%
2004
67%
Мила родино
65%
28
64%
111
63%
.bg
62%
240
60%
1885
57%
1908
50%
2925
49%
Белене
33%
Бургаско
28%
Свети Иван
20%

Score Distribution

Percentile by Number Answered

Percent of People with Each Score

Your Score History

You have not taken this quiz